书目信息 |
| 题名: |
三国两晋超有趣大全集
|
|
| 作者: | 王光波 编著 | |
| 分册: | ||
| 出版信息: | 北京 中国华侨出版社 2012 |
|
| 页数: | 348页 | |
| 开本: | 29cm | |
| 丛书名: | ||
| 单 册: | ||
| 中图分类: | K236.09 | |
| 科图分类: | ||
| 主题词: | 中国历史--古代史--三国时代--通俗读物 , 中国历史 , 古代史 | |
| 电子资源: | ||
| ISBN: | 978-7-5113-2473-3 | |
| 000 | 01094nam0 2200265 45 | |
| 001 | 012001002264 | |
| 005 | 20140926114740.0 | |
| 010 | @a978-7-5113-2473-3@dCNY59.80 | |
| 100 | @a20120930d2012 em y0chiy50 ea | |
| 101 | 0 | @achi |
| 102 | @aCN@b110000 | |
| 105 | @ay z 000yy | |
| 106 | @ar | |
| 200 | 1 | @a三国两晋超有趣大全集@9san guo liang jin chao you qu da quan ji@f王光波编著 |
| 210 | @a北京@c中国华侨出版社@d2012 | |
| 215 | @a348页@d29cm | |
| 300 | @a超值白金版 | |
| 330 | @a本书共分为“天下骚动:野心是一首送魂曲”“三足鼎立:一个馅儿饼分三份”“司马之路:坚持和谋略一样重要”“血色西晋:奸人当道的小时代”“疯魔东晋:枭雄无数患成灾”五个部分,完整地叙述了东汉末年群雄并起三国并立到三家归晋,再到刘裕弑君东晋灭亡的整个过程与故事,其间不乏穿插着正史与小说的相互比较,并试图通过这种对比进入到历史事件背后,深度挖掘历史人物内在的真实情感。 | |
| 606 | 0 | @a中国历史@x古代史@z三国时代@j通俗读物 |
| 606 | 0 | @a中国历史 |
| 606 | 0 | @a古代史 |
| 690 | @aK236.09@v5 | |
| 701 | 0 | @a王光波@9wang guang bo@4编著 |
| 801 | 0 | @aCN@b上海新华@c20180901 |
| 905 | @b1157745-9@dK236.09@e106@f5 | |
| 三国两晋超有趣大全集/王光波编著.-北京:中国华侨出版社,2012 |
| 348页;29cm |
| 超值白金版 |
| ISBN 978-7-5113-2473-3:CNY59.80 |
| 本书共分为“天下骚动:野心是一首送魂曲”“三足鼎立:一个馅儿饼分三份”“司马之路:坚持和谋略一样重要”“血色西晋:奸人当道的小时代”“疯魔东晋:枭雄无数患成灾”五个部分,完整地叙述了东汉末年群雄并起三国并立到三家归晋,再到刘裕弑君东晋灭亡的整个过程与故事,其间不乏穿插着正史与小说的相互比较,并试图通过这种对比进入到历史事件背后,深度挖掘历史人物内在的真实情感。 |
| ● |
| 相关链接 |
|
|
|
|
正题名:三国两晋超有趣大全集
索取号:K236.09/106
 
预约/预借
| 序号 | 登录号 | 条形码 | 馆藏地/架位号 | 状态 | 备注 |
| 1 | 1157745 | 211577453 | 第二样本阅览室/ [索取号:K236.09/106] | 在馆 | |
| 2 | 1157746 | 211577462 | 密集书库-史法系/ [索取号:K236.09/106] | 在馆 | |
| 3 | 1157747 | 211577471 | 第二借阅区/ [索取号:K236.09/106] | 在馆 | |
| 4 | 1157748 | 211577480 | 第二借阅区/ [索取号:K236.09/106] | 在馆 | |
| 5 | 1157749 | 211577499 | 第二借阅区/ [索取号:K236.09/106] | 在馆 |